000
00253nam a2200109Ia 4500
008
190216s9999||||xx |||||||||||||| ||und||
100
_a
Ponkunnan Varkey
245
0
_a
Njan Orathikappattanu
260
_b
Null
650
_a
Malayalam Nadakam
942
_c
BK
999
_c
23901
_d
23901